|
|
|
|
| LEADER |
00000nab a2200000 a 4500 |
| 001 |
vtls000836292 |
| 003 |
SK-MaSNL |
| 005 |
20260305030622.0 |
| 008 |
250429c2002 xo 0 slo |
| 015 |
|
|
|a SNBRB2003/06-16222
|
| 035 |
|
|
|a CLN000187947
|
| 035 |
|
|
|a urn:nbn:sk:snk-ab7a3d
|
| 035 |
|
|
|a (uuid)80f7a39a-9646-40c3-977b-3c964a954da0
|
| 035 |
|
|
|a (urnnbn)urn:nbn:sk:snk:ar-a07d6x
|
| 035 |
|
|
|a (sysno)vtls000836292
|
| 040 |
|
|
|a SNKBUCL
|b slo
|c SNKBUCL
|e AACR2
|
| 041 |
0 |
|
|a slo
|
| 044 |
|
|
|a xo
|c SK
|
| 080 |
|
|
|a 929.5:06.063
|2 1997
|
| 100 |
1 |
|
|a Žifčák, František,
|d 1951-
|4 aut
|9 235507
|
| 245 |
1 |
0 |
|a Najlepšie genealogické práce (3. ročník)
|c František Žifčák
|
| 611 |
1 |
7 |
|a Najlepšie genealogické práce
|n (3. :
|d 2001 :
|c Martin, Slovensko)
|2 snkbucl
|9 84739
|
| 648 |
|
7 |
|a 2001
|2 snkbucl
|9 296180
|
| 650 |
0 |
7 |
|a genealógia
|2 snkbucl
|9 4978
|
| 650 |
0 |
7 |
|a genealogické práce
|2 snkbucl
|9 1469518
|
| 650 |
0 |
7 |
|a súťaže
|2 snkbucl
|9 3301
|
| 655 |
|
7 |
|a správy
|2 snkbucl
|9 70563
|
| 773 |
0 |
|
|t Genealogicko-heraldický hlas
|g Roč. 12, č. 1-2 (2002), s. 61-72
|
| 850 |
|
|
|a Slovenská národná knižnica
|
| 852 |
|
|
|a Slovenská národná knižnica
|
| 856 |
4 |
1 |
|u http://www.genealogy-heraldry.sk/pdf/GHH2002_1-2.pdf
|
| 954 |
|
|
|a odborná, vedecká literatúra pôvodná (slovenská)
|2 lita
|
| 958 |
|
|
|a article27
|
| 958 |
|
|
|a OND
|
| 958 |
|
|
|a EUIPO
|
| 999 |
|
|
|c 3312313
|d 3314243
|